000 00636nam a2200241Ia 4500
003 OSt
005 20221007065058.0
006 a|||||r|||| 00| 0
007 ta
008 221006b |||||||| |||| 00| 0 eng d
024 _a3,030
037 _cTextual
040 _aFLL
_cFLL
_beng
041 _2eng
_aeng
082 _aX:517:Z2, L9
100 _aChakraborti A.M. Au.
_9686577
245 0 _aMRTP a compendium
250 _a2nd
260 _aDelhi
_bU.K. Bhargava India
_c1979
650 _aMRTP a compendium
_9686618
942 _hX:517:Z2, L9
_cTEXL
_2CC
999 _c1136225
_d1136225